000
00222nam a22000857a 4500
008
161111b xxu||||| |||| 00| 0 eng d
100
_9
1152
_a
verma. a
245
_a
unusual courage
260
_a
new delhi
_b
national book trust
_c
2007
999
_c
3812
_d
3812